تصحيح أوضاع العاملين / (Record no. 51772)
[ view plain ]
| 000 -LEADER | |
|---|---|
| fixed length control field | 01518nam a2200325 i 4500 |
| 003 - CONTROL NUMBER IDENTIFIER | |
| control field | EG-GICUC |
| 005 - DATE AND TIME OF LATEST TRANSACTION | |
| control field | 20260121101525.0 |
| 008 - FIXED-LENGTH DATA ELEMENTS--GENERAL INFORMATION | |
| fixed length control field | 251219s1984 ua ||||fr|||| 00| 0 ara d |
| 017 ## - COPYRIGHT OR LEGAL DEPOSIT NUMBER | |
| Copyright or legal deposit number | ١٩٨٣/٥٧٩٢ |
| 040 ## - CATALOGING SOURCE | |
| Original cataloging agency | EG-GICUC |
| Language of cataloging | ara |
| Transcribing agency | EG-GICUC |
| Modifying agency | EG-GICUC |
| Description conventions | rda |
| 041 0# - LANGUAGE CODE | |
| Language code of text/sound track or separate title | ara |
| 082 04 - DEWEY DECIMAL CLASSIFICATION NUMBER | |
| Edition number | 21 |
| Classification number | 345.4391 |
| Item number | ع د . ت |
| 092 04 - LOCALLY ASSIGNED DEWEY CALL NUMBER (OCLC) | |
| Edition number | 21 |
| 099 ## - LOCAL FREE-TEXT CALL NUMBER (OCLC) | |
| Classification number | Law1 07 345.4391 ع د . ت 1984 |
| 100 0# - MAIN ENTRY--PERSONAL NAME | |
| Personal name | عدلي خليل |
| Relator term | مؤلف. |
| 245 10 - TITLE STATEMENT | |
| Title | تصحيح أوضاع العاملين / |
| Statement of responsibility, etc. | المستشار عدلي خليل. |
| 264 #1 - PRODUCTION, PUBLICATION, DISTRIBUTION, MANUFACTURE, AND COPYRIGHT NOTICE | |
| Place of production, publication, distribution, manufacture | القاهرة : |
| Name of producer, publisher, distributor, manufacturer | مكتبة االأنجلو المصرية، |
| Date of production, publication, distribution, manufacture, or copyright notice | 1984. |
| 300 ## - PHYSICAL DESCRIPTION | |
| Extent | ترقيمات متععدة؛ |
| Dimensions | 24 سم. |
| 336 ## - CONTENT TYPE | |
| Source | rda content |
| Content type term | text |
| 337 ## - MEDIA TYPE | |
| Source | rda media |
| Media type term | Computer |
| 338 ## - CARRIER TYPE | |
| Source | rda carrier |
| Carrier type term | Online Resource |
| 504 ## - BIBLIOGRAPHY, ETC. NOTE | |
| Bibliography, etc. note | يشتمل على إرجاعات ببليوجرافية. |
| 505 ## - FORMATTED CONTENTS NOTE | |
| Formatted contents note | يتضمن نصوص القانون رقم ٤٧ لسنة ۱۹۷۸ وفق آخر تعديل له وجداول المرتبات والمذكرة الايضاحية واللائحة التنفيذية على ضوء أحكام القانون رقم ١١٥ لسنة ۱۹۸۳ والقرارات الوزارية الصادرة تنفيذا لاحكام القانون الاخير. |
| 546 ## - LANGUAGE NOTE | |
| Language note | النص باللغة العربية |
| 650 14 - SUBJECT ADDED ENTRY--TOPICAL TERM | |
| Topical term or geographic name entry element | تصحيح أوضاع العاملين |
| 650 14 - SUBJECT ADDED ENTRY--TOPICAL TERM | |
| Topical term or geographic name entry element | القانون الإداري |
| 856 40 - ELECTRONIC LOCATION AND ACCESS | |
| Uniform Resource Identifier | <a href="https://fll.law.cu.edu.eg/fulltext/bks/B07-01495.pdf">https://fll.law.cu.edu.eg/fulltext/bks/B07-01495.pdf</a> |
| 905 ## - Cataloger and Reviser Names | |
| Cataloger Name: | Sara El-Gendy |
| Revisor Name: | Yara |
| 942 ## - ADDED ENTRY ELEMENTS (KOHA) | |
| Source of classification or shelving scheme | Dewey Decimal Classification |
| Koha item type | Books |
| Edition | 21 |
| Suppress in OPAC | No |
| Withdrawn status | Lost status | Source of classification or shelving scheme | Damaged status | Not for loan | Collection | Home library | Current library | Date acquired | Total checkouts | Full call number | Barcode | Date last seen | Copy number | Price effective from | Koha item type |
|---|---|---|---|---|---|---|---|---|---|---|---|---|---|---|---|
| Dewey Decimal Classification | Not for loan | القانون الإداري | جــــامعة القــاهرة | مكتبة كلية الحقوق - المبنى الرئيسي | 19.12.2025 | Law1 07 345.4391 ع د . ت 1984 0701495 C1 | B07-01495 | 19.12.2025 | 1 | 19.12.2025 | Books |